...A poznali iba kameň Cesta geografa s československou vedeckou expedíciou Moravského múzea do Austrálie

Bibliographic Details
Main Author: Brinke, Josef, 1934-2001 (Author)
Other Authors: Šufliarsky, Ján (Translator)
Format: Book
Language:Slovak
PhysicalDescription:291 s., 22,17 AH 25 cm
Published: Bratislava Obzor 1976
Edition:1. vyd.
Series:Svetom.

MARC

LEADER 00000nam a2200000 a 4500
001 vtls001104094
003 SK-MaSNL
005 20260301111406.0
008 250414s1976 xo 0 slo
015 |a SNBA1977 
035 |a SNK000046936 
040 |a SNK  |b slo  |c SNK  |e AACR2 
041 0 |a slo 
044 |a xo  |c SK 
080 |a 885.0-992:910.4(94)(084.1)  |2 1981 
080 |a 910.4(94)(084.1)  |2 1981 
080 |a 885.0-992  |2 1981 
100 1 |a Brinke, Josef,  |d 1934-2001  |4 aut  |9 198204 
245 1 0 |a ...A poznali iba kameň  |b Cesta geografa s československou vedeckou expedíciou Moravského múzea do Austrálie  |c Josef Brinke 
250 |a 1. vyd. 
260 |a Bratislava  |b Obzor  |c 1976  |e Liptovský Mikuláš  |f Tlačiarne SNP 
300 |a 291 s., 22,17 AH  |c 25 cm 
366 |e 10000 výtl. 
490 0 |a Svetom. 
500 |a Front. Mp. na predsádkach. 
700 1 |a Brinke, Josef,  |d 1934-2001  |4 aut  |9 198204 
700 1 |a Šufliarsky, Ján  |4 trl  |9 376594 
852 |a Slovenská národná knižnica 
954 |a Austrália  |a expedície vedecké 
954 |a Brno  |a Moravské múzeum 
958 |a OND 
958 |a TL 
958 |a UP 
999 |c 706813  |d 708743 
952 |a SNK  |b SNK  |y VYP  |7 0  |p 17A1140707  |o snkSC 40038 D1  |i snkKSP 72/77  |0 0  |1 0  |4 0  |d 2015-04-01  |l 0  |r 2026-02-23 21:20:03  |w 2026-02-23